书目信息 |
| 题名: |
民间文艺集刊
|
|
| 作者: | ;中国民间文艺研究会上海分会 编 | |
| 分册: | 第三集 | |
| 出版信息: | 上海 上海文艺出版社 1982.11 |
|
| 页数: | 356页 | |
| 开本: | 20cm | |
| 丛书名: | ||
| 单 册: | ||
| 中图分类: | I106.7 | |
| 科图分类: | ||
| 主题词: | 文学研究-民间文学--世界 , 民间文学-文学研究--世界 | |
| 电子资源: | ||
| ISBN: | ||
| 000 | 00760nam0 2200241 45 | |
| 001 | 0186005517 | |
| 005 | 20060912170054.50 | |
| 010 | @dCNY1.00 | |
| 091 | @aCN@b10078.3358(3) | |
| 100 | @a19950628f19861981em y0chiy0121 ea | |
| 101 | 0 | @achi |
| 102 | @aCN@b310000 | |
| 105 | @ay z 000zy | |
| 200 | 10 | @a民间文艺集刊@h第三集@Amin jian wen yi ji kan@f中国民间文艺研究会上海分会编 |
| 210 | @a上海@c上海文艺出版社@d1982.11 | |
| 215 | @a356页@d20cm | |
| 606 | @a文学研究-民间文学@y世界 | |
| 606 | @a民间文学-文学研究@y世界 | |
| 690 | @aI106.7@v3 | |
| 711 | 02 | @a中国民间文艺研究会上海分会@Azhong guo min jian wen yi yan jiu hui shang hai fen hui@4编 |
| 801 | 2 | @aCN@bNLC@c20060912 |
| 801 | 0 | @aCN@b上海图书馆@c20040426 |
| 905 | @f3@b87667-669@dI106.7@e13:3 | |
| 民间文艺集刊.第三集/中国民间文艺研究会上海分会编.-上海:上海文艺出版社,1982.11 |
| 356页;20cm |
| ISBN :CNY1.00 |
| ● |
| 相关链接 |
|
|
|
|
正题名:民间文艺集刊
索取号:I106.7/13:3
 
预约/预借
| 序号 | 登录号 | 条形码 | 馆藏地/架位号 | 状态 | 备注 |
| 1 | 0087667 | 000726655 | 第二借阅区/ [索取号:I106.7/13:3] | 在馆 | |
| 2 | 0087668 | 000217893 | 第二借阅区/ [索取号:I106.7/13:3] | 在馆 | |
| 3 | 0087669 | 000217009 | 第一样本阅览室/ [索取号:I106.7/13:3] | 在馆 | |
| 4 | 0474150 | 204741501 | 密集书库/ [索取号:I106.7/13:3] | 在馆 |